000 00494nam a2200181Ia 4500
008 090630s9999 xx 000 0 und d
082 _b7875
100 _aबगे आशा.
245 _aझुंबर.
_cबगे आशा.
260 _bमॅजेस्टीक.
_c1984
300 _a151
600 _aबगे आशा.
630 _aझुंबर.
655 _aकादंबरी.
700 _aबगे आशा.
730 _aझुंबर.
942 _cBOOK
999 _c259731
_d259731